00458nam a22001697a 450000500170000000800410001702000270005804000090008504100120009408200180010610000210012424500630014526000330020830000080024165000170024970000220026620250326121114.0250326b |||||||| |||| 00| 0 eng d a9788177082036c1940.00 aMAIN aEnglish a338.0954bCHA aChatterjee, Anup aIndustry and Infrastructure Development in India Since1947 aNew DelhibNew Centuryc2009 a565 aUrban Study  aJetli, K.Narindar